000 00251pam a2200133 a 4500
020 _c
041 _h
100 _aHarold R. Wanless
245 _aAerial Stereo Photographs
260 _c1973
300 _a92
653 _aGeology
930 _a922
999 _c246775
_d246775